Elementary probability theory with stochastic process (Record no. 135521)

MARC details
000 -LEADER
fixed length control field 00412nam a2200157Ia 4500
008 - FIXED-LENGTH DATA ELEMENTS--GENERAL INFORMATION
fixed length control field 230917s9999||||xx |||||||||||||| ||und||
040 ## - CATALOGING SOURCE
-- 101410
Original cataloging agency VIVEKANANDA LIBRARY
041 ## - Language
-- English
082 ## - DDC NUMBER
Classification number 519.2 C472E
100 ## - MAIN ENTRY--PERSONAL NAME
Personal name Chung, Kai Lai
245 #0 - TITLE STATEMENT
Title Elementary probability theory with stochastic process
250 ## - EDITION STATEMENT
Edition statement 4th ed.
260 ## - PUBLICATION, DISTRIBUTION, ETC. (IMPRINT)
Place of publication, distribution, etc New York
Name of publisher, distributor, etc Springer-Verlag
Date of publication, distribution, etc 2003
300 ## - PHYSICAL DESCRIPTION
Pages xiii ,402 p.
942 ## - ADDED ENTRY ELEMENTS (KOHA)
Koha item type Books
Holdings
Withdrawn status Lost status Damaged status Not for loan Location (home branch) Sublocation or collection (holding branch) Date acquired Koha issues (times borrowed) Koha full call number Accession No. Koha date last seen Koha item type
        VIVEKANANDA LIBRARY VIVEKANANDA LIBRARY 20/04/2006   519.2 C472E 235608 17/09/2023 Books
        VIVEKANANDA LIBRARY VIVEKANANDA LIBRARY 20/04/2006   519.2 C472E 295530 17/09/2023 Books
        VIVEKANANDA LIBRARY VIVEKANANDA LIBRARY 20/04/2006   519.2 C472E 295531 17/09/2023 Books
        VIVEKANANDA LIBRARY VIVEKANANDA LIBRARY 20/04/2006   519.2 C472E 295532 17/09/2023 Books
        VIVEKANANDA LIBRARY VIVEKANANDA LIBRARY 20/04/2006   519.2 C472E 305182 17/09/2023 Books
        VIVEKANANDA LIBRARY VIVEKANANDA LIBRARY 20/04/2006   519.2 C472E 305183 17/09/2023 Books
© Designed and Maintained by Vivekananda Library, MDU Rohtak